| 000 | 00642cab a2200193 4500 | ||
|---|---|---|---|
| 001 | WB2502-39 | ||
| 008 | 090401t1989 xxu||||| |||| 00| 0 eng d | ||
| 035 | _a(Sirsi) u30762 | ||
| 041 | _aeng | ||
| 245 | _aInvesting in commercial property | ||
| 260 | _c1989 | ||
| 350 | _a0 | ||
| 490 |
_aFinancial Adviser _vno 86, 12/1/89 p19 |
||
| 520 | _aReviews performance in the retail, industrial and office sectors of the property market and indicates that investors will continue to find commercial property an attractive proposition. | ||
| 650 | _aINVESTMENT | ||
| 690 | _aPROPERTY-COMMERCIAL PROPERTY | ||
| 942 | _n0 | ||
| 948 | _c04/03/1997 | ||
| 999 |
_c20732 _d20732 |
||